Statistiques concernant Les cinq étapes du deuil

Cliquez ici pour prendre le quiz!

Statistiques générales

  • Ce quiz a été pris 7 755 fois
  • Le résultat moyen est 4 sur 5

Statistiques - réponses

Réponse% Correct
Dépression
87%
Déni
86%
Acceptation
82%
Colère
80%
Marchandage
29%

Distribution des résultats

Percentile par nombre de réponses

% des personnes avec chaque résultat

Votre développement - résultats

Vous n’avez pas pris ce quiz